Let It Be / (Record no. 10331)
[ view plain ]
| 000 -LEADER | |
|---|---|
| fixed length control field | 01172cjm a22003491a 4500 |
| 001 - CONTROL NUMBER | |
| control field | 13714243 |
| 005 - DATE AND TIME OF LATEST TRANSACTION | |
| control field | 20201124142545.0 |
| 007 - PHYSICAL DESCRIPTION FIXED FIELD--GENERAL INFORMATION | |
| fixed length control field | sd fsngnnmmned |
| 008 - FIXED-LENGTH DATA ELEMENTS--GENERAL INFORMATION | |
| fixed length control field | 040909p20031969nyurcn eng d |
| 010 ## - LIBRARY OF CONGRESS CONTROL NUMBER | |
| LC control number | 2004597860 |
| 024 1# - OTHER STANDARD IDENTIFIER | |
| Standard number or code | 724359571324 |
| 024 10 - OTHER STANDARD IDENTIFIER | |
| Standard number or code | 724359571324 |
| 035 ## - SYSTEM CONTROL NUMBER | |
| System control number | (DLC) 2004597860 |
| 035 ## - SYSTEM CONTROL NUMBER | |
| System control number | (OCoLC)ocm53454165 |
| 040 ## - CATALOGING SOURCE | |
| Original cataloging agency | GEC |
| Transcribing agency | GEC |
| Modifying agency | JED |
| -- | OCLCQ |
| -- | DLC |
| 042 ## - AUTHENTICATION CODE | |
| Authentication code | lcderive |
| 050 00 - LIBRARY OF CONGRESS CALL NUMBER | |
| Classification number | SDB 07008 |
| 082 ## - DEWEY DECIMAL CLASSIFICATION NUMBER | |
| Classification number | 783.242166 |
| Item number | BEA |
| Edition number | 22 |
| 245 10 - TITLE STATEMENT | |
| Title | Let It Be / |
| Statement of responsibility, etc | The Beatles |
| 260 ## - PUBLICATION, DISTRIBUTION, ETC. (IMPRINT) | |
| Place of publication, distribution, etc | Hollywood : |
| Name of publisher, distributor, etc | Parlophone, [1987], 1970. |
| Date of publication, distribution, etc | [1987], 1970. |
| 300 ## - PHYSICAL DESCRIPTION | |
| Extent | 1sound disc: |
| Other physical details | digital ; |
| Dimensions | 4 3/4 in. |
| 500 ## - GENERAL NOTE | |
| General note | Audiovisuals. |
| 500 ## - GENERAL NOTE | |
| General note | Compact discs. |
| 505 00 - FORMATTED CONTENTS NOTE | |
| Title | Two of us -- Dig a pony -- Across the universe -- I me mine -- Dig it -- Let it be -- Maggie Mae -- I've got a feeling -- One after 909 -- The long and winding road -- For you blue -- Get back. |
| 511 0# - PARTICIPANT OR PERFORMER NOTE | |
| Participant or performer note | Performed by Beatles |
| 700 ## - ADDED ENTRY--PERSONAL NAME | |
| 9 (RLIN) | 14242 |
| Personal name | Lennon, John |
| 700 ## - ADDED ENTRY--PERSONAL NAME | |
| 9 (RLIN) | 14243 |
| Personal name | McCartney, Paul |
| 700 ## - ADDED ENTRY--PERSONAL NAME | |
| 9 (RLIN) | 14244 |
| Personal name | Harrison, George |
| 700 ## - ADDED ENTRY--PERSONAL NAME | |
| 9 (RLIN) | 14245 |
| Personal name | Starr, Ringo |
| 942 ## - ADDED ENTRY ELEMENTS (KOHA) | |
| Source of classification or shelving scheme | Dewey Decimal Classification |
| Item type | |
| Withdrawn status | Lost status | Source of classification or shelving scheme | Damaged status | Not for loan | Location (home branch) | Sublocation or collection (holding branch) | Shelving location | Date acquired | Source of acquisition | Koha issues (times borrowed) | Koha full call number | Piece designation (barcode) | Koha date last seen | Koha date last borrowed | Price effective from | Koha item type |
|---|---|---|---|---|---|---|---|---|---|---|---|---|---|---|---|---|
| Dewey Decimal Classification | Central Library | Central Library | Second Floor | 05/01/2009 | Purchase | 2 | 783.242166 BEA | 000015016 | 24/08/2022 | 21/07/2011 | 05/01/2009 | CD | DVD - Sound (NB) |